প্রতিমা উপাখ্যান / (Record no. 966)
[ view plain ]
| 000 -LEADER | |
|---|---|
| fixed length control field | 00659nam a22002297a 4500 |
| 001 - CONTROL NUMBER | |
| JCCL Control Number | 966 |
| 003 - CONTROL NUMBER IDENTIFIER | |
| JCCL marc code | BD-JhCC |
| 005 - DATE AND TIME OF LATEST TRANSACTION | |
| control field | 20171101110004.0 |
| 008 - FIXED-LENGTH DATA ELEMENTS--GENERAL INFORMATION | |
| fixed length control field | 171012s20071990bg a|||| ||a| 00| 0 ben d |
| 020 ## - INTERNATIONAL STANDARD BOOK NUMBER | |
| International Standard Book Number | 984410310 X |
| 035 ## - SYSTEM CONTROL NUMBER | |
| system control number | (BD-JhCC)966 |
| 040 ## - CATALOGING SOURCE | |
| Original cataloging agency | BD-JhCC |
| Modifying agency | BD-JhCC |
| 041 ## - LANGUAGE CODE | |
| Language code of Book | ben |
| 082 ## - DEWEY DECIMAL CLASSIFICATION NUMBER | |
| Classification number | 891.443 |
| Author mark and Year | SOR 2007 |
| 100 ## - MAIN ENTRY--PERSONAL NAME | |
| Personal name | সরকার, মঞ্জু |
| 245 ## - TITLE STATEMENT | |
| Title | প্রতিমা উপাখ্যান / |
| Statement of responsibility, etc | মঞ্জু সরকার |
| 260 ## - PUBLICATION, DISTRIBUTION, ETC. (IMPRINT) | |
| Place of publication, distribution, etc | ঢাকা : |
| Name of publisher, distributor, etc | মাওলা ব্রাদার্স, |
| Date of publication, distribution, etc | 2007 |
| 300 ## - PHYSICAL DESCRIPTION | |
| Pagination | 96 p. : |
| Other physical details | ills; |
| Dimensions | 21 cm. |
| 650 ## - SUBJECT ADDED ENTRY--TOPICAL TERM | |
| Topical term or geographic name as entry element | Bengali Novel |
| 942 ## - ADDED ENTRY ELEMENTS (KOHA) | |
| Source of classification or shelving scheme | Dewey Decimal Classification |
| Koha item type | Books |
| Source of classification or shelving scheme | Damaged status | Not for loan | Home library | Current library | Date of accession | Cost, normal purchase price | Total Checkouts | Full call number | Barcode | Date last seen | Date checked out | Copy number | Koha item type | Shelving location |
|---|---|---|---|---|---|---|---|---|---|---|---|---|---|---|
| Dewey Decimal Classification | JCC Rouf Library | JCC Rouf Library | 10/12/2017 | 90.00 | 1 | 891.443 SOR 2007 | 1952 | 02/09/2026 | 01/27/2026 | C-1 | Books | |||
| Dewey Decimal Classification | JCC Rouf Library | JCC Rouf Library | 11/01/2017 | 90.00 | 2 | 891.443 SOR 2007 | 2933 | 07/14/2025 | 06/18/2025 | C-2 | Books | General Stacks |